Mechanics of materials /
This book provides knowledges about Tensile response of materials; Simple tensile and shear structures; General concepts of stress and strain...
Сохранить в:
| Главный автор: | |
|---|---|
| Формат: | |
| Язык: | English |
| Опубликовано: |
New York :
John Wiley and Sons,
1996.
|
| Предметы: | |
| Метки: |
Добавить метку
Нет меток, Требуется 1-ая метка записи!
|
| Thư viện lưu trữ: | Mạng thư viện Đại học Đà Nẵng |
|---|
| LEADER | 01233cam a2200361 i 4500 | ||
|---|---|---|---|
| 001 | 000048912 | ||
| 003 | 8638 | ||
| 005 | 20051111141905.0 | ||
| 008 | 010324b1996 vm 000 eng | ||
| 020 | |a 0471593990 | ||
| 040 | |a IRC |c IRC |d IRC | ||
| 041 | 0 | |a eng | |
| 082 | 1 | 4 | |a 620.1123 |b RO-D |
| 100 | 1 | |a Roylance, David. | |
| 245 | 0 | 0 | |a Mechanics of materials / |c David Roylance. |
| 260 | |a New York : |b John Wiley and Sons, |c 1996. | ||
| 300 | |a 315 p. ; |c 25cm. | ||
| 520 | 3 | |a This book provides knowledges about Tensile response of materials; Simple tensile and shear structures; General concepts of stress and strain... | |
| 630 | 0 | 4 | |a Mechanics. |
| 630 | 0 | 4 | |a Strength of materials. |
| 650 | 0 | 4 | |a Strength of materials. |
| OWN | |a DUT | ||
| AVA | |a UDN50 |b DUT |c Book |d 620.1123 RO-D |e available |t Error 5001 Not defined in file expand_doc_bib_avail. |f 1 |g 0 |h N |i 0 |j SH |k 1 | ||
| 999 | |a From the UDN01 | ||
| AVA | |a UDN50 |b DUT |c Book |d 620.1123 RO-D |e available |t Error 5001 Not defined in file expand_doc_bib_avail. |f 1 |g 0 |h N |i 0 |j SH |k 1 | ||
| TYP | |a Monograph | ||
| TYP | |a Printed language | ||
| 980 | |a Mạng thư viện Đại học Đà Nẵng | ||


